01638nam a22003374a 4500001001200000003000800012006001900020007001500039008004100054010001700095020002200112020002100134020002500155020002400180040002100204035002100225050002600246082001500272110009900287245027200386260005800658300005500716504005400771533015200825650006100977650005401038655002901092710001701121710003601138856012601174ebr10194170CaPaEBRm u cr cn|||||||||070626s2007 dcuab sb 000 0 eng  z 2007931763 z0309108349 (pbk.) z0309108357 (pdf) z9780309108348 (pbk.) z9780309108355 (pdf) aCaPaEBRcCaPaEBR a(OCoLC)56782779014aTD195.W54bN38 2007eb04a333.922222 aNational Research Council (U.S.).bCommittee on Environmental Impacts of Wind-Energy Projects.10aEnvironmental impacts of wind-energy projectsh[electronic resource] /cCommittee on Environmental Impacts of Wind-Energy Projects, Board on Environmental Studies and Toxicology, Division on Earth and Life Studies, National Research Council of the National Academies. aWashington, D.C. :bNational Academies Press,cc2007. axvi, 376 p. :bill. (some col.), maps (some col.). aIncludes bibliographical references (p. 219-266). aElectronic reproduction.bPalo Alto, Calif. :cebrary,d2013.nAvailable via World Wide Web.nAccess may be limited to ebrary affiliated libraries. 0aWind power plantsxEnvironmental aspectszUnited States. 0aWind powerxEnvironmental aspectszUnited States. 7aElectronic books.2local2 aebrary, Inc.2 aNational Academies Press (U.S.)40uhttp://site.ebrary.com/lib/rucke/Doc?id=10194170zAn electronic book accessible through the World Wide Web; click to view